| 000 | 00586nam a2200193Ia 4500 | ||
|---|---|---|---|
| 005 | 20250508152220.0 | ||
| 008 | 008 250505s9999 xx 000 0 eng d | ||
| 037 | _aTextual | ||
| 040 |
_aFEDL _beng _cFEDL |
||
| 041 |
_aeng _2eng |
||
| 084 |
_a370.954, CHA _qFEDL |
||
| 100 |
_aChatterjee Chinmoy _982475 |
||
| 245 | 0 | _aVedantic education : An historical and philosophical study | |
| 260 |
_aLucknow, India _bGauranga Cultural Research Institute _c1957 |
||
| 300 | _aiv,247p. | ||
| 650 | _aEducation | ||
| 942 |
_cTEXL _h370.954, CHA |
||
| 999 |
_c1335015 _d1335015 |
||